00440nam a2200169 a 4500008004100000020002200041100001800063245003500081260003200116300002600148440003200174500002000206650001700226003000100243005001700244040000900261  a1859660738 (pbk.)1 aAdams, Andrew10aInvestment /cby Andrew Adams. aLondon :bKluwer Law,c1989 axix, 440 p. ;c25 cm. aBanking and finance series. aIncludes index. aInvestments.20230123133642.0 cNUST